2024 17/ Calendrier de l'Avent Anagramme - Statistiques

Statistiques générales
  • Ce quiz a été pris 7 fois
  • Le résultat moyen est 58 sur 137
Statistiques - réponses
Hint Réponse % Correct
CALENDRIER Coup gagnant Ace
100%
CALENDRIER Alliage Acier
80%
CALENDRIER Paresseux Ai
80%
CALENDRIER Assistance Aide
80%
CALENDRIER Plante potagère Ail
80%
CALENDRIER Bras des oiseaux Aile
80%
CALENDRIER Tout autour de nous Air
80%
CALENDRIER Surface Aire
80%
CALENDRIER 12 mois An
80%
AVENT Durée An
80%
AVENT Salut romain Avé
80%
CALENDRIER Dureté Cal
80%
CALENDRIER Moment doux Calin
80%
CALENDRIER Lésion des dents Carie
80%
CALENDRIER Indispensable au fumeur Cendrier
80%
CALENDRIER Dernier repas Cène
80%
CALENDRIER Poil d'oeil Cil
80%
CALENDRIER Hurlement Cri
80%
CALENDRIER Cube à jouer
80%
CALENDRIER 2 note
80%
CALENDRIER Rognon Rein
80%
CALENDRIER Souveraine Reine
80%
AVENT Mistral ou tramontane Vent
80%
CALENDRIER Boutons disgracieux Acné
60%
CALENDRIER Equidé Ane
60%
AVENT Il brait Ane
60%
CALENDRIER Mesure Are
60%
AVENT Gouffre Aven
60%
CALENDRIER Compensation Cale
60%
CALENDRIER Elle cancanne Cane
60%
CALENDRIER Arbre libanais Cèdre
60%
CALENDRIER Boisson normande Cidre
60%
CALENDRIER Encaustique Cire
60%
CALENDRIER Calcaire pour l'instituteur Craie
60%
CALENDRIER Négation Déni
60%
CALENDRIER Ultime Dernier
60%
CALENDRIER Repas Diner
60%
CALENDRIER Accompagne le tonnerre Eclair
60%
CALENDRIER Paradis Eden
60%
CALENDRIER Période Ere
60%
CALENDRIER Fin de course Erre
60%
CALENDRIER Entourée d'eau Ile
60%
CALENDRIER Vieille colère Ire
60%
CALENDRIER Note du diapason La
60%
CALENDRIER Etendue d'eau Lac
60%
CALENDRIER Poème Lai
60%
CALENDRIER Moche Laid
60%
CALENDRIER Femelle du sanglier Laie
60%
CALENDRIER Toison du mouton Laine
60%
CALENDRIER Vol Larcin
60%
CALENDRIER Mesure Li
60%
CALENDRIER Reste au fond Lie
60%
CALENDRIER Sert à attacher Lien
60%
CALENDRIER Plante grimpante Lierre
60%
CALENDRIER Maison de l'oiseau Nid
60%
CALENDRIER Avare Radin
60%
CALENDRIER Poisson Raie
60%
CALENDRIER Goupil Renard
60%
CALENDRIER Marque du temps Ride
60%
CALENDRIER Néant Rien
60%
CALENDRIER Propre de l'homme Rire
60%
CALENDRIER Non basique Acide
40%
CALENDRIER Meneur d'équidé Anier
40%
AVENT Pilastre Ante
40%
CALENDRIER Autour de la toile Cadre
40%
CALENDRIER Résidu Cendre
40%
CALENDRIER D'azur ou chargé Ciel
40%
CALENDRIER de Lune par exemple Clair
40%
CALENDRIER Degré Cran
40%
CALENDRIER Chef Crane
40%
CALENDRIER Poils raides Crin
40%
CALENDRIER Grade Dan
40%
CALENDRIER TV Ecran
40%
CALENDRIER Boite Ecrin
40%
CALENDRIER Canard Eider
40%
CALENDRIER Cervidé Elan
40%
AVENT Lettre grecque Eta
40%
CALENDRIER Palefrenier Lad
40%
CALENDRIER Non religieux Laïc
40%
CALENDRIER Arme Lance
40%
CALENDRIER Plante herbacée Lin
40%
AVENT Plante potagère Navet
40%
CALENDRIER Parente Nièce
40%
CALENDRIER Sert à classer Race
40%
CALENDRIER Trait Rai
40%
CALENDRIER Action rapide Raid
40%
CALENDRIER Voie ferrée Rail
40%
CALENDRIER Gémissement Râle
40%
CALENDRIER Courroie Rêne
40%
AVENT Ecorce Tan
40%
AVENT Moyen de transport Van
40%
CALENDRIER Indésirable Alien
20%
CALENDRIER Fou Aliéné
20%
CALENDRIER Attache Ancre
20%
CALENDRIER Lieu des jeux Arène
20%
CALENDRIER Peigne Carde
20%
CALENDRIER Partie immergée de la coque Carène
20%
CALENDRIER Plante potagère Céleri
20%
CALENDRIER Tribu Clan
20%
CALENDRIER Outil Clé
20%
CALENDRIER Comportement courageux Crânerie
20%
CALENDRIER Trafiquant Dealer
20%
CALENDRIER Presque prêtre Diacre
20%
CALENDRIER Mode d'évacuation Drain
20%
CALENDRIER Préparation colorée Encre
20%
CALENDRIER Contient un liquide coloré Encrier
20%
CALENDRIER Divagation Errance
20%
CALENDRIER Radin Ladre
20%
CALENDRIER Cavalier Lancier
20%
CALENDRIER Etendue peu végétalisée Lande
20%
CALENDRIER Courroie Lanière
20%
CALENDRIER Plante grimpante Liane
20%
CALENDRIER Chant allemand Lied
20%
CALENDRIER Intérieur de coquillage Nacre
20%
CALENDRIER Alimentation des plantes Racine
20%
CALENDRIER Vallée fluviale Ria
20%
CALENDRIER Mesure Acre
0%
CALENDRIER Aiguille Alène
0%
CALENDRIER Arme Arc
0%
CALENDRIER Chef Caid
0%
CALENDRIER Race de chien Carlin
0%
CALENDRIER Besace Carnier
0%
CALENDRIER Femme Darne
0%
CALENDRIER Chute Déclin
0%
CALENDRIER Folie Délire
0%
CALENDRIER Monnaie Dinar
0%
CALENDRIER Représentation intellectuelle Idée
0%
CALENDRIER Avarice Ladrerie
0%
CALENDRIER Chef Leader
0%
CALENDRIER Lampe Led
0%
CALENDRIER Monnaie Liard
0%
CALENDRIER Espace de joute Lice
0%
CALENDRIER Baie fermée Rade
0%
CALENDRIER Roue Rea
0%
CALENDRIER Revente Recel
0%
CALENDRIER Stimulation Relance
0%
CALENDRIER Demeure urbaine Riad
0%
Aucun quiz correspondant
Distribution des résultats
% des personnes avec chaque résultat
Percentile par nombre de réponses
Votre historique - résultats
Vous n’avez pas pris ce quiz